Tears for my motherland: (Record no. 30988)
[ view plain ]
| 000 -LEADER | |
|---|---|
| fixed length control field | 00568nam a22001577a 4500 |
| 008 - FIXED-LENGTH DATA ELEMENTS--GENERAL INFORMATION | |
| fixed length control field | 211118b |||||||| |||| 00| 0 eng d |
| 020 ## - INTERNATIONAL STANDARD BOOK NUMBER | |
| International Standard Book Number | 9789966149183 |
| 050 ## - LIBRARY OF CONGRESS CALL NUMBER | |
| Classification number | HC 865 .M88 2016 |
| 100 ## - MAIN ENTRY--PERSONAL NAME | |
| Personal name | Muthama, John. |
| 245 ## - TITLE STATEMENT | |
| Title | Tears for my motherland: |
| Remainder of title | sorry state of the nation and solution for making things right/ |
| 250 ## - EDITION STATEMENT | |
| Remainder of edition statement | Johnson Muthana |
| 260 ## - PUBLICATION, DISTRIBUTION, ETC. (IMPRINT) | |
| Place of publication, distribution, etc. | Nairobi[Kenya]: |
| Name of publisher, distributor, etc. | Nairobi Academic Press, |
| Date of publication, distribution, etc. | c2016. |
| 300 ## - PHYSICAL DESCRIPTION | |
| Extent | vii,143p. : |
| Dimensions | 18 cm. |
| 500 ## - GENERAL NOTE | |
| General note | Includes bibliographical details and index. |
| 942 ## - ADDED ENTRY ELEMENTS (KOHA) | |
| Source of classification or shelving scheme | |
| Koha item type | Africana (Books) |
| Classification part | HC 865 .M88 2016 |
| Withdrawn status | Lost status | Source of classification or shelving scheme | Damaged status | Not for loan | Home library | Current library | Shelving location | Date acquired | Full call number | Barcode | Date last seen | Price effective from | Koha item type | Total Checkouts | Date last checked out |
|---|---|---|---|---|---|---|---|---|---|---|---|---|---|---|---|
| MACHAKOS UNIVERSITY LIBRARY | MACHAKOS UNIVERSITY LIBRARY | Africana | 18/11/2021 | HC 865 .M88 2016 | 39052 | 18/11/2021 | 18/11/2021 | Africana (Books) | |||||||
| MACHAKOS UNIVERSITY LIBRARY | MACHAKOS UNIVERSITY LIBRARY | Africana | 18/11/2021 | HC 865 .M88 2016 | 39053 | 08/04/2022 | 18/11/2021 | Africana (Books) | 2 | 08/04/2022 |